Southville International School and Colleges
Your cart is empty.
  • Cart
  • Lists
    Public lists Eva Luna New books Lux_list list_1
    Your lists Log in to create your own lists
  • Log in to your account
  • Your cookies
  • Search history
Southville International School and Colleges
  • Advanced search
  • Recent comments
  • Most popular
  • Libraries

Log in to your account

Log in with GOOGLE


If you do not have an external account, but do have a local account, you can still log in:

  1. Home
  2. MARC view: Worktext in basic accounting :
Normal view MARC view ISBD view

Worktext in basic accounting : (Record no. 115635)

[ view plain ]
MARC details
000 -LEADER
fixed length control field 00516nam a2200181Ia 4500
008 - FIXED-LENGTH DATA ELEMENTS--GENERAL INFORMATION
fixed length control field 140429s9999 xx 000 0 und d
020 ## - INTERNATIONAL STANDARD BOOK NUMBER
International Standard Book Number 9789712353062
050 ## - LIBRARY OF CONGRESS CALL NUMBER
Classification number HF 5625
Item number .M114 2009
100 ## - MAIN ENTRY--PERSONAL NAME
Personal name Hugo-Macapilit, Cecilia
245 ## - TITLE STATEMENT
Title Worktext in basic accounting :
Remainder of title service/merchandising /
Statement of responsibility, etc Cecilia Hugo-Macapilit.
250 ## - EDITION STATEMENT
Edition statement Rev. ed.
260 ## - PUBLICATION, DISTRIBUTION, ETC. (IMPRINT)
Place of publication, distribution, etc Manila :
Name of publisher, distributor, etc Rex Book Store,
Date of publication, distribution, etc c2009.
300 ## - PHYSICAL DESCRIPTION
Extent 324 p. :
Dimensions 26 cm.
521 ## - TARGET AUDIENCE NOTE
Target audience note
650 ## - SUBJECT ADDED ENTRY--TOPICAL TERM
Topical term or geographic name as entry element Accounting.
942 ## - ADDED ENTRY ELEMENTS (KOHA)
Call number prefix Local
Koha item type Books
Holdings
Withdrawn status Lost status Source of classification or shelving scheme Damaged status Home library Current library Shelving location Date acquired Source of acquisition Total Checkouts Full call number Barcode Date last seen Price effective from Koha item type
    Library of Congress Classification   College Library College Library Filipiniana Section 04/29/2014 Library Fund   HF 5625 .M114 2009 C16933 05/08/2018 04/29/2014 Books

Worktext in basic accounting :

APA

Hugo-Macapilit C., . (2009). Worktext in basic accounting. Manila: Rex Book Store.

Chicago

Hugo-Macapilit Cecilia, . 2009. Worktext in basic accounting. Manila: Rex Book Store.

Harvard

Hugo-Macapilit C., . (2009). Worktext in basic accounting. Manila: Rex Book Store.

MLA

Hugo-Macapilit Cecilia, . Worktext in basic accounting. Manila: Rex Book Store. 2009.

  • Place hold
  • Print
  • Cite
  • Add to your cart (remove)
  • Save record
    BIBTEX Dublin Core MARCXML MARC (non-Unicode/MARC-8) MARC (Unicode/UTF-8) MARC (Unicode/UTF-8, Standard) MODS (XML) RIS
  • More searches
    Search for this title in:
    Other Libraries (WorldCat) Other Databases (Google Scholar) Online Stores (Bookfinder.com) Open Library (openlibrary.org)

Exporting to Dublin Core...

SOUTHVILLE LIBRARY

Southville International School and Colleges Library

1281 Tropical Ave. Cor. Luxembourg St., BF Homes International, Las Pinas City

Tel. No. 8256374 / 252358 Loc. 117/146

Powered by Koha